| 000 | 00397nam a22001697a 4500 | ||
|---|---|---|---|
| 003 | UA-OsUOA | ||
| 001 | 3094 | ||
| 007 | ta | ||
| 008 | 20050721b un ||||| |||| 00| 0 ukr d | ||
| 100 | _aDe Boisdeffre | ||
| 700 | _aPierre | ||
| 942 | _cBK | ||
| 040 |
_aUA-OsUOA _cUA-OsUOA _dUA-OsUOA |
||
| 245 |
_aLes ecrivains francais d'aujourd'hui (1945-1995). _bFrench |
||
| 955 | _a2 | ||
| 650 | 7 | _2UDC | |
| 999 |
_c289256 _d289256 |
||